00438 a2200121 4500001001000000005001700010008004100027245009900068100002200167700001800189773009200207999001700299ART_4509320260410162038.0260409a 10aImpacto de la crisis internacional sobre nuevos sectores dinámicos de la economía regional1 aSchinelli, Daniel1 aVacca, Carlos0 tRevista de estudios regionales y mercado de trabajog- Nº 5 (ene./dic. 2009)wREV44894 c34663d34663